The Sharpest Lives My Chemical Romance lyrics - Statistics

General Stats
  • This quiz has been taken 808 times
  • The average score is 247 of 295
Answer Stats
Answer % Correct
a
99%
A
99%
I
99%
the
99%
The
99%
you
99%
You
99%
and
97%
And
97%
can
96%
it
96%
on
96%
to
96%
your
96%
Your
96%
in
94%
In
94%
me
94%
be
92%
all
91%
If
91%
when
90%
away
89%
I'm
89%
my
89%
out
89%
rains
89%
remember
89%
sharpest
89%
sleep
89%
So
89%
take
89%
you're
89%
You're
89%
clothes
88%
from
88%
lives
88%
pours
88%
really
88%
couch
87%
Give
87%
kiss
87%
leave
87%
like
87%
own
87%
pain
87%
shot
87%
show
87%
Well
87%
blow
86%
go
86%
why
86%
crash
85%
don't
85%
just
85%
asking
83%
will
83%
are
82%
drunk
82%
surrender
82%
before
81%
looks
81%
love
81%
suppose
81%
deadliest
80%
I've
80%
shows
80%
been
79%
laughing
79%
that
79%
with
79%
dancing
78%
one
78%
she
78%
goes
77%
night
77%
Cause
76%
for
76%
lead
76%
spent
76%
band
74%
bender
74%
boys
74%
need
74%
of
72%
beast
71%
time
70%
vampires
70%
watch
69%
empires
68%
burn
67%
loathe
67%
repose
65%
corrode
63%
these
63%
alone
60%
is
60%
this
56%
Juliet
54%
poison
54%
sun
54%
rise
52%
blood
51%
Romeo
51%
skin
51%
off
50%
sane
50%
ashamed
49%
cannibal
49%
dagger
48%
glow
48%
hands
48%
where
48%
light
47%
loves
47%
dark
46%
animals
44%
lust
44%
place
44%
There's
44%
beat
43%
commands
43%
abandoned
41%
bright
41%
lather
40%
Drop
39%
No matching quizzes found
Score Distribution
Percent of People with Each Score
Percentile by Number Answered
Your Score History
You have not taken this quiz